Ciudades más Grandes de Australia - Estadísticas

Estadísticas generales
  • Esta prueba ha sido intentada 133 veces
  • La puntuación promedio es 9 de 20
Estadísticas de respuestas
Población Ciudad % Correcto
5,230,330 Sidney
99%
4,936,349 Melbourne
93%
457,563 Canberra
91%
2,059,484 Perth
90%
2,462,637 Brisbane
84%
1,345,777 Adelaide
82%
148,564 Darwin
68%
232,606 Hobart
41%
679,127 Gold Coast
38%
152,729 Cairns
29%
486,704 Newcastle
29%
180,820 Townsville
19%
302,739 Wollongong
16%
333,436 Sunshine Coast
15%
268,277 Geelong
14%
93,603 Albury-Wodonga
9%
105,471 Ballarat
9%
99,122 Bendigo
9%
87,382 Launceston
9%
136,861 Toowoomba
8%
No se encontraron pruebas coincidentes
Distribución de puntuación
Porcentaje de gente con cada puntuación
Porcentaje por número respondido
Historial de tus puntuaciones
No has intentado esta prueba.